| 000 | 00743nas a2200241 4500 | ||
|---|---|---|---|
| 001 | BR7704165 | ||
| 003 | BR-BrBNA | ||
| 005 | 20231205083216.0 | ||
| 007 | ta | ||
| 008 | 230509b bl.|||p| |||| 00| 00por d | ||
| 040 |
_aBR-BrBNA _bpor _cBiblioteca Nacional de Agricultura |
||
| 041 | _a(Pt) | ||
| 072 | _aH20 | ||
| 100 | 1 | _aCruz, A.R.N. | |
| 245 | 1 | _aUso de mutacoes genicas induzidas em melhoramento para resistencia a doenca [Doenca de planta] | |
| 650 | _aDOENCA DE PLANTA | ||
| 650 | _aVARIEDADE RESISTENTE | ||
| 650 | _aMUTACAO INDUZIDA | ||
| 650 | _aCONTROLE GENETICO | ||
| 773 | 0 |
_tAgros (Brazil) _xISSN 0365-2742 _g(Dec 1977), v. 12(2-3) p. 27-33 _wBR7704165 |
|
| 909 |
_a202311 _bLúcia _c55 _dLúcia Elande |
||
| 942 |
_2AGRIS _n0 _cANA |
||
| 999 |
_c97163 _d97163 |
||